<?xml version="1.0" encoding="UTF-8"?>
<collection xmlns:xsi="http://www.w3.org/2001/XMLSchema-instance" xsi:schemaLocation="http://www.loc.gov/MARC21/slim http://www.loc.gov/standards/marcxml/schema/MARC21slim.xsd" xmlns="http://www.loc.gov/MARC21/slim">
 <record>
  <leader>00000cmm a22000004i 4500</leader>
  <controlfield tag="001">UP-99796217613708224</controlfield>
  <controlfield tag="003">Buklod</controlfield>
  <controlfield tag="005">20210524155223.0</controlfield>
  <controlfield tag="006">m    go  j        </controlfield>
  <controlfield tag="007">ta</controlfield>
  <controlfield tag="008">210524s2001    xx     d        u        </controlfield>
  <datafield tag="035" ind1=" " ind2=" ">
   <subfield code="a">(iLib)UPD-00524270939</subfield>
  </datafield>
  <datafield tag="040" ind1=" " ind2=" ">
   <subfield code="a">DMLF</subfield>
   <subfield code="e">rda</subfield>
  </datafield>
  <datafield tag="041" ind1=" " ind2=" ">
   <subfield code="a">eng</subfield>
  </datafield>
  <datafield tag="100" ind1="1" ind2=" ">
   <subfield code="a">Lanzona, Vina Albero</subfield>
   <subfield code="e">author.</subfield>
  </datafield>
  <datafield tag="245" ind1="1" ind2="0">
   <subfield code="a">Gender, sex, family, and revolution</subfield>
   <subfield code="b">Women in the Huk rebellion in the Philippines, 1942-1956</subfield>
   <subfield code="h">[electronic resource]</subfield>
   <subfield code="c">by Vina Albero Lanzona.</subfield>
  </datafield>
  <datafield tag="264" ind1=" " ind2="1">
   <subfield code="a">Ann Arbor Michigan</subfield>
   <subfield code="b">Bell &amp; Howell Information and Learning Company</subfield>
   <subfield code="c">[2001]</subfield>
  </datafield>
  <datafield tag="300" ind1=" " ind2=" ">
   <subfield code="a">1 computer file (460 pages)</subfield>
   <subfield code="b">illustrations.</subfield>
  </datafield>
  <datafield tag="336" ind1=" " ind2=" ">
   <subfield code="a">text</subfield>
   <subfield code="2">rdacontent</subfield>
  </datafield>
  <datafield tag="337" ind1=" " ind2=" ">
   <subfield code="a">computer</subfield>
   <subfield code="2">rdamedia</subfield>
  </datafield>
  <datafield tag="338" ind1=" " ind2=" ">
   <subfield code="a">online resource</subfield>
   <subfield code="2">rdacarrier</subfield>
  </datafield>
  <datafield tag="502" ind1=" " ind2=" ">
   <subfield code="a">Thesis (Ph.D.)--The University of Wisconsin - Madison, 2000.</subfield>
  </datafield>
  <datafield tag="520" ind1=" " ind2=" ">
   <subfield code="a">In the long history of Philippine agrarian unrest, the Huk rebellion (1942--1956) is considered the most important of the country's peasant revolutions. Drawing on interviews with over a hundred guerrilla veterans in Manila and Central Luzon, as well as documentary research, my dissertation presents the Huk rebellion from within, focusing on the role of women, gender, family and sexuality. I argue that these issues--usually treated as personal matters peripheral to the revolution--shaped the internal dynamics of the Huk movement. When for the first time in Philippine history a significant number of women were mobilized in this struggle, the Huk movement was confronted with the challenge of balancing society's normative sexual culture and the Communist Party's own revolutionary gender relations. Mobilized through complex social networks, the identities Huk women were transformed from daughters, sisters and wives of Huk men to their comrades and fellow revolutionaries. Despite these new identities, most women guerrillas reproduced traditional societal roles inside the revolution, performing tasks such as cooking, washing, and housekeeping. While most women remained subordinate to men and were relegated to subsidiary roles, some threatened social conventions by becoming Politburo leaders and combat commanders. The exceptional number of women commanders, the so-called Huk Amazons, represents a radical departure from society's dominant culture. These women not only threatened the social order, but also the gender order where women are the muses, and men the warriors. A number of women became the mistresses of Huk men, prompting the Party leadership to devise a revolutionary solution to the &quot;sex problem,&quot; undoubtedly one of the movement's major dilemmas. This so-called solution allowed men to take advantage of women and clearly did not empower the female cadres. Despite its egalitarian ideology, the male-dominated Huk movement was undercut by its patriarchal assumptions about appropriate gender roles and sexuality. The movement diminished the potential contribution of women and failed to address the needs and deep-seated aspirations of all its followers, both male and female. In the end, the Huk revolt failed not only because of successful government counterinsurgency operations, but also because of these internal flaws.--Abstract.</subfield>
  </datafield>
  <datafield tag="650" ind1=" " ind2="0">
   <subfield code="a">Huks.</subfield>
  </datafield>
  <datafield tag="650" ind1=" " ind2="0">
   <subfield code="a">Women in combat.</subfield>
  </datafield>
  <datafield tag="650" ind1=" " ind2="0">
   <subfield code="a">Women guerrillas.</subfield>
  </datafield>
  <datafield tag="856" ind1=" " ind2=" ">
   <subfield code="z">Full text access requires UP Webmail login</subfield>
   <subfield code="u">https://drive.google.com/file/d/1VyGoLAuK7l0xAJx0c9aYRPAEGM45bZXu/view</subfield>
  </datafield>
  <datafield tag="905" ind1=" " ind2=" ">
   <subfield code="a">FI</subfield>
  </datafield>
  <datafield tag="852" ind1="0" ind2=" ">
   <subfield code="a">UPD</subfield>
   <subfield code="b">DMLF</subfield>
  </datafield>
  <datafield tag="942" ind1=" " ind2=" ">
   <subfield code="a">Electronic Resource</subfield>
  </datafield>
 </record>
</collection>
